00371cam a2200133 a 4500020002300000040000800023082002600031100002000057245005200077260003400129300003400163650001700197700002300214 a0471619949 (cloth) cDLC00a681 WIL 1991 A036 Or.1 aFigliola, R. S.10aTheory and design for mechanical measurements / aNew York :bJ. Wiley,cc1991. axii, 516 p. :bill. ;c26 cm. 0aMeasurement.1 aBeasley, Donald E.